Manual de ingeniería básica para la prevención y extinción de incendios forestales
Na minha lista:
| Principais autores: | , , , , |
|---|---|
| Formato: | Livro |
| Idioma: | espanhol |
| Publicado em: |
Barcelona
Mundi-Prensa
2004
|
| Assuntos: | |
| Tags: |
Adicionar Tag
Sem tags, seja o primeiro a adicionar uma tag!
|
MARC
| LEADER | 00000cam a2200000 a 4500 | ||
|---|---|---|---|
| 001 | UCG9303 | ||
| 003 | CL-VaPUC | ||
| 008 | 120309e20040000SP |||||||||||||||||spa|d | ||
| 020 | |a 8484761207 | ||
| 082 | 0 | 4 | |a 363.37 |b ARN |2 21 |
| 100 | 0 | |a Arnaldos Viger, Josep |e author |9 560798 | |
| 700 | 0 | |a Navalón Nonell, Xavier |e author |9 560799 | |
| 700 | 0 | |a Pastor Ferrer, Elsa |e author |9 560800 | |
| 700 | 0 | |a Planas Cuchi, Eulalia |e author |9 560801 | |
| 700 | 0 | |a Zárate López, Luís |e author |9 560802 | |
| 245 | 1 | 0 | |a Manual de ingeniería básica para la prevención y extinción de incendios forestales |
| 300 | |a 414 p | ||
| 942 | |c BK | ||
| 945 | |d 20120309 00:00:00 |a dcastane | ||
| 260 | |a Barcelona |b Mundi-Prensa |c 2004 | ||
| 650 | 0 | |a Incendios forestales |9 320249 | |
| 650 | 0 | |a Prevención de riesgos |9 387495 | |
| 650 | 7 | |a FUEGO |2 CL-VaPUC |9 350573 | |
| 650 | 0 | |a Incendios |9 359318 | |
| 583 | |a last modification |c 20120309 14:21:00 |k Rodrigo Vera | ||
| 999 | |c 346861 |d 346859 | ||
| 952 | |0 0 |1 0 |4 0 |6 363_370000000000000_ARN_2004 |7 0 |8 A |9 447796 |a BIBING |b BIBING |d 2019-11-22 |i 4843193 |l 1 |m 2 |o 363.37 ARN 2004 |p 4843193 |r 2025-01-20 |s 2023-03-13 |w 2019-11-22 |y BK |k CCL | ||